| 000 | 00669nam a2200193 4500 | ||
|---|---|---|---|
| 001 | 110913 | ||
| 003 | ES-MaACL | ||
| 005 | 20250712031720.0 | ||
| 007 | t| | ||
| 008 | 061121s1960 sp r ||||1| spa d | ||
| 100 | 1 |
_aNacenta, Raymond. _984778 |
|
| 245 | 1 | 4 |
_aLos pintores y el ambiente artístico de París desde 1910 / _cpor Raymond Nacenta ; traducción José Selva , revisión Fernando Gutiérrez. |
| 260 |
_aBarcelona : _bRauter, _c1960. |
||
| 300 |
_a366 p. con 103 lám. col. : _bil ; _c31 cm. |
||
| 700 | 1 |
_aSelva, José. _9105349 |
|
| 700 | 1 |
_aGutiérrez, Fernando, _d1911-1984 _9156260 |
|
| 852 |
_aES-MaACL _jC-19458 _bR.47906 |
||
| 999 |
_c110913 _d110913 |
||